00466caa a22001932a 4500001000900000003001100009008004700020092001500067100002700082245005700109245002500166300000700191440000700198440000800205260001400213650002100227942000900248999001500257 002569 AR-FADEU 311216n############xxu####################dd aPP(370)NOV aPeisajovich, Bárbara bLas múltiples dimensiones de la educación sexual aNovedades Educativas a28 v15 n154 coct. 2003 aEDUCACION SEXUAL cPPGR c5347d5347